000 00262nam a2200097Ia 4500
001 1002884
005 20250826230439.0
008 250824s9999 xx 000 0 und d
245 0 _aBOŞA GEÇİRECEK VAKİT YOK
_cURSULA K LE YUİN
260 _bHEP KİTAP YAYINLARI
999 _c1002884
_d1002884